Design Sense Graphic Design in a limited budget (Record no. 21938)

MARC details
000 -CABECERA
campo de control de longitud fija 00894nam a2200265 4500
003 - IDENTIFICADOR DEL NÚMERO DE CONTROL
campo de control OSt
005 - FECHA Y HORA DE LA ÚLTIMA TRANSACCIÓN
campo de control 20260601193853.0
008 - DATOS DE LONGITUD FIJA--INFORMACIÓN GENERAL
campo de control de longitud fija 260417b1998 |||a||a| |||| 001 0 eng d
020 ## - NÚMERO INTERNACIONAL ESTÁNDAR DEL LIBRO
Número Internacional Estándar del Libro 1564964612
040 ## - FUENTE DE LA CATALOGACIÓN
Centro catalogador/agencia de origen ICI
Lengua de catalogación spa
Centro/agencia transcriptor ICI
041 ## - CÓDIGO DE LENGUA
Código de lengua del texto/banda sonora o título independiente spa
Código de lengua original eng
050 ## - SIGNATURA TOPOGRÁFICA DE LA BIBLIOTECA DEL CONGRESO
Número de clasificación NC730
Número de documento/Ítem M55
100 #1 - ENTRADA PRINCIPAL--NOMBRE DE PERSONA
Nombre de persona R. Miller Alistair and M. Brown Jarde
Fechas asociadas al nombre 1952
9 (RLIN) 32629
240 ## - TÍTULO UNIFORME
Título uniforme Design sense : graphic design on a limited budget /
Lenguaje de la obra eng
245 #1 - MENCIÓN DE TÍTULO
Título Design Sense Graphic Design in a limited budget
Mención de responsabilidad, etc. R. Miller Anistatia and M. Brown Jared
260 ## - PUBLICACIÓN, DISTRIBUCIÓN, ETC.
Lugar de publicación, distribución, etc. Gloucester, Massachusetts :
Nombre del editor, distribuidor, etc. Rockport
Fecha de publicación, distribución, etc. 1998
264 ## - PRODUCCIÓN, PUBLICACIÓN, DISTRIBUCIÓN, FABRICACIÓN Y COPYRIGHT
Nombre del de productor, editor, distribuidor, fabricante Rockport Publishers
Fecha de producción, publicación, distribución, fabricación o copyright 1988
Producción, publicación, distribución, fabricación y copyright Gloucester, Massachusetts :
300 ## - DESCRIPCIÓN FÍSICA
Extensión 160 páginas
336 ## - TIPO DE CONTENIDO
Término de tipo de contenido texto
Fuente rdacontent
337 ## - TIPO DE MEDIO
Nombre/término del tipo de medio sin medio
Fuente rdamedia
338 ## - TIPO DE SOPORTE
Nombre/término del tipo de soporte volumen
Fuente rdacarrier
650 ## - PUNTO DE ACCESO ADICIONAL DE MATERIA--TÉRMINO DE MATERIA
Término de materia o nombre geográfico como elemento de entrada Artes gráficas
Subdivisión general Técnica
700 ## - PUNTO DE ACCESO ADICIONAL--NOMBRE DE PERSONA
Nombre de persona Jared M Brown,
Fechas asociadas al nombre 1964
Término indicativo de función/relación autor
9 (RLIN) 32631
942 ## - ELEMENTOS DE PUNTO DE ACCESO ADICIONAL (KOHA)
Fuente del sistema de clasificación o colocación Dewey Decimal Classification
Tipo de ítem Koha Libros
Holdings
Estado de retiro Estado de pérdida Fuente del sistema de clasificación o colocación Estado dañado No para préstamo Localización permanente Ubicación/localización actual Fecha de adquisición Total de préstamos Signatura topográfica completa Código de barras Fecha visto por última vez Número de copia Precio válido a partir de Tipo de ítem Koha
El ejemplar forma parte de la colección y puede ser consultado según las políticas vigentes.   Library of Congress Classification     Biblioteca de Diseño Museo Franz Mayer Biblioteca de Diseño Museo Franz Mayer 18/04/2026   NC730 M55 BDIMFM000039 18/04/2026 Ej. 1 18/04/2026 Libros